Viral Vectors (Record no. 16437)
[ view plain ]
| 000 -LEADER | |
|---|---|
| fixed length control field | 00460nam a22001817a 4500 |
| 003 - CONTROL NUMBER IDENTIFIER | |
| control field | OSt |
| 005 - DATE AND TIME OF LATEST TRANSACTION | |
| control field | 20170105103440.0 |
| 008 - FIXED-LENGTH DATA ELEMENTS--GENERAL INFORMATION | |
| fixed length control field | 120126t xxu||||| |||| 00| 0 eng d |
| 020 ## - INTERNATIONAL STANDARD BOOK NUMBER | |
| International Standard Book Number | 188129935x |
| 040 ## - CATALOGING SOURCE | |
| Transcribing agency | ASAB |
| 050 ## - LIBRARY OF CONGRESS CALL NUMBER | |
| Classification number | 579.2 |
| 100 ## - MAIN ENTRY--PERSONAL NAME | |
| Personal name | Angel Cid Arregui |
| 9 (RLIN) | 24 |
| 245 ## - TITLE STATEMENT | |
| Title | Viral Vectors |
| Remainder of title | Basic Science and Gene Therapy |
| 260 ## - PUBLICATION, DISTRIBUTION, ETC. | |
| Place of publication, distribution, etc. | Mexico |
| Name of publisher, distributor, etc. | A Bio techniques Eaton Publishing |
| Date of publication, distribution, etc. | 2000 |
| 300 ## - PHYSICAL DESCRIPTION | |
| Extent | 641 |
| 440 ## - SERIES STATEMENT/ADDED ENTRY--TITLE | |
| Title | Viral Vectors |
| 9 (RLIN) | 25 |
| 942 ## - ADDED ENTRY ELEMENTS (KOHA) | |
| Source of classification or shelving scheme | |
| Koha item type | Book |
| Withdrawn status | Lost status | Source of classification or shelving scheme | Damaged status | Not for loan | Permanent Location | Current Location | Date acquired | Total Checkouts | Barcode | Date last seen | Price effective from | Koha item type |
|---|---|---|---|---|---|---|---|---|---|---|---|---|
| Atta-ur-Rahman School of Applied Biosciences (ASAB) | Atta-ur-Rahman School of Applied Biosciences (ASAB) | 01/26/2012 | ASAB1380 | 02/16/2012 | 01/26/2012 | Book |
